Một số vấn đề tổ chức lãnh thổ sản xuất cao su ở Việt Nam Trên thí dụ của vùng Đông Nam Bộ

Chuyên ngành:Địa lý kinh tế; Mã số 1 07 02; Gồm có 4 chương: Chương 1. Khái quát tình hình sản xuất cao su tự nhiên. Chương 2. Những tiền đề tự nhiên và kinh tế - xã hội của sản xuất cao su tự nhiên của vùng Đông Nam Bộ. Chương 3. Quá trình...

Volledige beschrijving

Bewaard in:
Bibliografische gegevens
Hoofdauteur: Ông, Thị Đan Thanh
Formaat: Boek
Taal:Undetermined
Gepubliceerd in: 1985
Onderwerpen:
Online toegang:http://lrc.tdmu.edu.vn/opac/search/detail.asp?aID=2&ID=30603
Tags: Voeg label toe
Geen labels, Wees de eerste die dit record labelt!
Thư viện lưu trữ: Trung tâm Học liệu Trường Đại học Thủ Dầu Một
LEADER 01582nam a2200193Ia 4500
001 TDMU_30603
008 210410s9999 xx 000 0 und d
082 |a 823.912 
100 |a Ông, Thị Đan Thanh 
245 0 |a Một số vấn đề tổ chức lãnh thổ sản xuất cao su ở Việt Nam 
245 0 |b Trên thí dụ của vùng Đông Nam Bộ 
245 0 |c Ông Thị Đan Thanh; PTS. Đặng Như Toàn, TS. Đào Bá Cương (Hướng dẫn) 
260 |c 1985 
300 |a 161tr 
520 |a Chuyên ngành:Địa lý kinh tế; Mã số 1 07 02; Gồm có 4 chương: Chương 1. Khái quát tình hình sản xuất cao su tự nhiên. Chương 2. Những tiền đề tự nhiên và kinh tế - xã hội của sản xuất cao su tự nhiên của vùng Đông Nam Bộ. Chương 3. Quá trình phát triển và hiện trạng sản xuất cao su tự nhiên của vùng Đông Nam Bộ. Chương 4. Cơ sở khoa học của việc tổ chức lãnh thổ hợp lý lực lượng sản xuất; Luận án Phó tiến sĩ Khoa học Địa lý trường Đại học Sư phạm Hà Nội, 1985 
650 |a Nông nghiệp  |z Việt nam; Cây công nghiệp  |x Sản xuất cao su  |z Đông Nam Bộ(Việt Nam) 
700 |a Ông, Thị Đan Thanh 
856 |u http://lrc.tdmu.edu.vn/opac/search/detail.asp?aID=2&ID=30603 
980 |a Trung tâm Học liệu Trường Đại học Thủ Dầu Một